League of Legends - Noxus - Statistiken

Allgemein
  • Dieses Quiz wurde 197 mal gespielt
  • Das Durchschnittsergebnis liegt bei 10 aus 15
Antwortstatistiken
Champions % Korrekt
Darius
99%
Katarina
83%
Swain
83%
Draven
82%
Samira
78%
Sion
70%
Leblanc
66%
Cassiopeia
61%
Kled
57%
Talon
53%
Mordekaiser
52%
Vladimir
51%
Riven
47%
Rell
39%
Briar
38%
Keine übereinstimmenden Quizze gefunden
Verteilung der Resultate
Anzahl Personen mit jedem Resultat
Perzentil nach korrekt beantworteten Fragen
Ihre Resultats-Entwicklung
Sie haben dieses Quiz noch nicht gespielt